Statistics for Guess the Country by Chess Players

Click here to take the quiz!

General Stats

  • This quiz has been taken 60 times
  • The average score is 10 of 16

Answer Stats

Answer% Correct
Norway
95%
China
90%
United States
88%
India
84%
Russia
81%
France
66%
Cuba
64%
Netherlands
60%
Poland
59%
United Kingdom
57%
Uzbekistan
53%
Latvia
52%
Bulgaria
50%
Armenia
40%
Azerbaijan
40%
Romania
38%

Score Distribution

Percentile by Number Answered

Percent of People with Each Score

Your Score History

You have not taken this quiz